Fantasy Movies and Films by Plot Clue - Statistics

General Stats
  • This quiz has been taken 1,830 times
    308 since last reset
  • The average score is 10 of 18
Answer Stats
Plot Clue Movie % Correct
A girl follows a white rabbit into a strange world. Alice in Wonderland
98%
A boy's life changes forever with just 3 words..."You're a wizard." Harry Potter and the Sorcerer's Stone
98%
Charlie Bucket finds a golden ticket to a world of pure imagination. Willy Wonka & the Chocolate Factory
96%
A forgotten board game turns the real world into a jungle. Jumanji
91%
A lost girl tries to reach the end of the golden stone street. The Wizard of Oz
81%
There are certain drawbacks to having shears for fingers. Edward Scissorhands
78%
A prison guard discovers a death row inmate with miraculous powers. The Green Mile
62%
A bookish girl trades her freedom for her father’s. Beauty and the Beast
56%
A cosmic hero battles Skeletor after crash-landing on Earth. Masters of the Universe
54%
A child reads a book...that goes on forever. The Neverending Story
53%
A farmhand attempts to rescue Princess Buttercup. The Princess Bride
51%
The only way to save her baby brother is through the maze. Labyrinth
42%
In Francoist Spain, a girl meets a faun who tests her with eerie tasks. Pan's Labyrinth
37%
A small-statured man and his family find a baby floating down the river. Willow
25%
A Gelfling seeks to restore balance to his world by returning a lost shard. The Dark Crystal
23%
Title character seeks vengeance after Thulsa Doom kills his parents. Conan the Barbarian
12%
Six dwarfs emerge from the closet of young history buff Kevin. Time Bandits
11%
Darkness himself hates unicorns. Legend
10%
No matching quizzes found
Score Distribution
Percent of People with Each Score
Percentile by Number Answered
Your Score History
You have not taken this quiz since the last reset